000 00732cab a2200241 4500
001 WB2813-37
008 090401t1992 xxu||||| |||| 00| 0 eng d
035 _a(Sirsi) u63956
041 _aeng
245 _aAccess to national forest
260 _c1992
350 _a0
490 _aTimes
_v24 March 1992, 4(1)
520 _aThe Ramblers` Association is concerned that public access to the national forest planned for the Midlands will be restricted to a large extent.
650 _aCOMMUNITY FORESTS
650 _aCOUNTRYSIDE COMMISSION
650 _aPUBLIC ACCESS
650 _aRAMBLERS ASSOCIATION
690 _aENVIRONMENTAL AND LAND CONSULTANCY
690 _aRURAL PRACTICE
942 _n0
948 _c04/03/1997
999 _c39799
_d39799